000 00578nam a2200229Ia 4500
003 OSt
005 20220918192421.0
006 a|||||r|||| 00| 0
007 ta
008 220917b |||||||| |||| 00| 0 eng d
024 _a68,240
037 _cTextual
040 _aARTS
_cARTS
_beng
041 _2eng
_aeng
082 _aO:2J64:9, J84
100 _aWadsworth Frank W.
_979086
245 0 _aPoacher from stratford
260 _c1958
650 _aENGLISH LITERATURE
942 _hO:2J64:9, J84
_cTEXL
_2CC
999 _c194422
_d194422